000 00239nam a22000857a 4500
008 160705b xxu||||| |||| 00| 0 eng d
100 _92280
_a Daintith, J., et al
245 _aDictionary of Physics
260 _aNew Delhi
_b Arnold Heinemann
_c1980
999 _c1962
_d1962